000 00620caa a22001692a 4500
001 020366
003 AR-FADEU
008 311216n########xxu####################dd
092 _a415
_bC574
100 _aHolmberg, Anders
245 _aThe scandinavian language
300 _aPP. 420-458
500 _aEn: The Oxford handbook of comparative syntax / ed. Guglielmo Cinque. New York : Oxford University Press, 2005
700 _aChrister, Platzack
942 _cBDGR
999 _c26090
_d26090
773 0 _026080
_925106
_aCinque, Guglielmo, ed.
_b
_dNew York
_o05365
_tThe Oxford handbook of comparative syntax
_w( AR-FADEU) 020356
_x
_z0-19-513650-0